Bleeding Kansas / Sara Paretsky.
The late-twentieth-century descendants of anti-slavery emigrants worry about maintaining religious superiority over a rival family while launching a harassment campaign against a Wiccan newcomer, an effort that is challenged by a young man's military service.
Record details
- ISBN: 9781423319818
- ISBN: 1423319818
- Physical Description: 14 audio discs (17 hr.) : digital ; 4 3/4 in.
- Publisher: Grand Haven, Mich. : Brilliance Audio, ℗2008.
Content descriptions
| General Note: | Unabridged. Compact discs. In container (18 cm.). |
| Participant or Performer Note: | Read by Susan Ericksen. |
Search for related items by subject
| Subject: | Rural families > Fiction. Iraq War, 2003-2011 > Fiction. Fundamentalists > Fiction. Conservatism > Fiction. Social conflict > Fiction. |
| Genre: | Audiobooks. Mystery fiction. |
Available copies
- 1 of 1 copy available at scottsboropl.
Holds
- 0 current holds with 1 total copy.
Show Only Available Copies
| Location | Call Number / Copy Notes | Barcode | Shelving Location | Status | Due Date |
|---|---|---|---|---|---|
| scottsboropl | BK/CD Par | 32269001048704 | Adult - Audiobook | Available | - |
| LDR | 01680nim a2200445 a 4500 | ||
|---|---|---|---|
| 001 | 146028 | ||
| 003 | CONS | ||
| 005 | 20180315084211.0 | ||
| 008 | 081001s2008 miunnnn f n eng d | ||
| 010 | . | ‡a 2008643862 | |
| 020 | . | ‡a9781423319818 ‡q(sound recording) | |
| 020 | . | ‡a1423319818 ‡q(sound recording) | |
| 035 | . | ‡a(CPomAG)LMN604714 | |
| 042 | . | ‡alccopycat | |
| 050 | 0 | 0. | ‡aRZA 9890 |
| 082 | 0 | 4. | ‡a813/.54 ‡222 |
| 100 | 1 | . | ‡aParetsky, Sara. |
| 245 | 1 | 0. | ‡aBleeding Kansas / ‡cSara Paretsky. |
| 260 | . | ‡aGrand Haven, Mich. : ‡bBrilliance Audio, ‡c℗2008. | |
| 300 | . | ‡a14 audio discs (17 hr.) : ‡bdigital ; ‡c4 3/4 in. | |
| 306 | . | ‡a170000 | |
| 336 | . | ‡aspoken word ‡bspw ‡2rdacontent | |
| 337 | . | ‡aaudio ‡bs ‡2rdamedia | |
| 338 | . | ‡aaudio disc ‡bsd ‡2rdacarrier | |
| 500 | . | ‡aUnabridged. | |
| 500 | . | ‡aCompact discs. | |
| 500 | . | ‡aIn container (18 cm.). | |
| 511 | 0 | . | ‡aRead by Susan Ericksen. |
| 520 | . | ‡aThe late-twentieth-century descendants of anti-slavery emigrants worry about maintaining religious superiority over a rival family while launching a harassment campaign against a Wiccan newcomer, an effort that is challenged by a young man's military service. | |
| 650 | 0. | ‡aRural families ‡vFiction. | |
| 650 | 0. | ‡aIraq War, 2003-2011 ‡vFiction. | |
| 650 | 0. | ‡aFundamentalists ‡vFiction. | |
| 650 | 0. | ‡aConservatism ‡vFiction. | |
| 650 | 0. | ‡aSocial conflict ‡vFiction. | |
| 655 | 4. | ‡aAudiobooks. | |
| 655 | 7. | ‡aMystery fiction. ‡2gsafd | |
| 700 | 1 | . | ‡aEricksen, Susan. ‡4nrt |
| 914 | . | ‡aSCP_kt | |
| 959 | . | ‡i32269001048704 ‡lBK/CD Par ‡aAdult - Audiobook ‡tAudiobook ‡g41.00 ‡dVerify 14 discs. | |
| 852 | . | ‡p32269001048704 ‡jBK/CD Par ‡gAdult - Audiobook ‡cAudiobook ‡y41.00 ‡bSBPL | |
| 901 | . | ‡a146028 ‡bUnknown ‡c146028 ‡tbiblio | |